UTILIZATION OF NITROGEN AND DIFFENT SOIL TEXTURES ON PAK CHOI (Brassica chinesis)PRODUCTION IN WET SEASON. ការប្រើប្រាស់កម្រិតអាសូតលើការលូតលាស់ដំណាំស្ពៃតឿនៅក្នុងរដូវវស្សានៃប្រភេទដីខុសគ្នា (Record no. 22753)

000 -LEADER
fixed length control field 00700nam a22001217a 4500
040 ## - CATALOGING SOURCE
Transcribing agency RUA
100 ## - MAIN ENTRY--AUTHOR NAME
Personal name CHUON SREYLEAK ជួន ស្រីល័ក្ខ
245 ## - TITLE STATEMENT
Title UTILIZATION OF NITROGEN AND DIFFENT SOIL TEXTURES ON PAK CHOI (Brassica chinesis)PRODUCTION IN WET SEASON. ការប្រើប្រាស់កម្រិតអាសូតលើការលូតលាស់ដំណាំស្ពៃតឿនៅក្នុងរដូវវស្សានៃប្រភេទដីខុសគ្នា
260 ## - PUBLICATION, DISTRIBUTION, ETC. (IMPRINT)
Place of publication Phnom Penh
Name of publisher RUA
Year of publication 2021
300 ## - PHYSICAL DESCRIPTION
Number of Pages X.32P
Other physical details VIII.
Dimensions 29CM
856 ## - ELECTRONIC LOCATION AND ACCESS
Uniform Resource Identifier https://drive.google.com/file/d/1vi0mTij9DFWa-y8qgFD4kgDFTocJo6-s/view?usp=sharing
942 ## - ADDED ENTRY ELEMENTS (KOHA)
Koha item type AGR
952 ## - LOCATION AND ITEM INFORMATION (KOHA)
Withdrawn status [LOCAL, KOHA] 0
952 ## - LOCATION AND ITEM INFORMATION (KOHA)
Withdrawn status [LOCAL, KOHA] 0
952 ## - LOCATION AND ITEM INFORMATION (KOHA)
Withdrawn status [LOCAL, KOHA] 0
952 ## - LOCATION AND ITEM INFORMATION (KOHA)
Withdrawn status [LOCAL, KOHA] 0
Holdings
Permanent Location Date acquired Koha item type Lost status Shelving location Barcode Current Location Full call number
Library Block B2024-03-29AGR B1.570a078904Library Block BAGR CHU 2021 B1-570 Or.
Library Block B2024-03-29AGR B1.570a078864Library Block BAGR CHU 2021 B1-570 Or.
Library Block B2024-03-29AGR B1.570a078892Library Block BAGR CHU 2021 B1-570 Or.
Library Block B2024-03-29AGR B1.570a078768Library Block BAGR CHU 2021 B1-570 Or.
មជ្ឈមណ្ឌលឯការនៃសាកលវិទ្យាល័យភូមិន្ទកសិកម្មចំការដូង

Powered by Koha